000 00345 a2200121 4500
001 ART_10760
005 20260410161854.0
008 260409a
245 1 0 _aAborto
100 1 _aRodriguez Pería, María Eugenia
700 1 _aKandus, Cecilia
773 0 _tDerecho privado
_gBioderecho - Año I, Nº 1 (mayo 2012)
_wREV10455
999 _c25294
_d25294